000 01876cam a22004694i 4500
003 PE-LiUPU
005 20250731173124.0
008 150623s r 000 0 d
020 _a0687303389
035 _a(Sirsi) i9780687303380
040 _aPE-LiUPU
_bspa
_cPE-LiUPU
_erda
049 _aPRUA
082 0 4 _a253
_bN87
_221
100 1 _aNoyce, Gaylord B.,
_eautor.
245 1 0 _aPastoral ethics :
_bprofessional responsibilities of the clergy /
_cGaylord Noyce.
264 1 _aNashville, NT :
_bAbingdon Press,
_c1988.
300 _a220 páginas ;
_c22 centímetros
336 _atext
_2rdacontent
337 _aunmediated
_2rdamedia
338 _avolume
_2rdacarrier
504 _aIncluye bibliografía.
505 0 _aA framework for pastoral ethics. The ethics of pastoral leadership. The ethics of preaching and teaching. Ethical concerns in pastoral care. Applications in pastoral care. Financing ministry. Relationships with other clergy. Community outreach and social action. Public relations, evangelism, and church growth. Personal life. A brief postscript: "but is the ministry a profession?".
526 _aSEG42
526 _aSEG41
526 _aSEG40
526 _aSEG39
526 _aP94
526 _aP87
526 _aP86
526 _aP85
526 _aP77
526 _aP76
526 _aP35
650 0 4 _aPastores
_xÉtica profesional.
650 0 4 _aTeólogos
_xÉtica profesional.
942 _2ddc
_cBOOK
949 _a253 N87
_wDEWEY
_c1
_i51133
_lCCODEBUL1
_mBUL
_p10.00
_r0
_sY
_tBOOK
_u2015-6-24
_xTEOLOGIA
_PP35
_0COMPRA
_o.STAFF. Colección General
994 _aC0
_bPEPRU
596 _a1
999 _a253 N87
_wDEWEY
_c32831
_i51133
_f2021-11-10
_g5
_lCCODEBUL1
_mBUL
_p10.00
_r0
_sY
_tBOOK
_u2015-6-24
_xTEOLOGIA
_PP35
_0COMPRA
_o.STAFF. Colección General
_d32831
980 _81
_gALBERTO SANCHEZ Responsable de Automatización